Wordt geladen...
Stem Cells
Provides reviews on stem cell systems by experts. This book contains chapters ranging from descriptions of the knowledge of the biology of stem cells, to molecular biological approaches and clinical implications. It covers stem cell biology in plants, invertebrates, and mammals and presents clin...
| Hoofdauteur: | |
|---|---|
| Formaat: | Printed Book |
| Gepubliceerd in: |
London
Academic Press
1997
|
| Onderwerpen: | |
| Online toegang: | http://classify.oclc.org/classify2/ClassifyDemo?owi=1011501229 |
| LEADER | 01082nam a2200181 4500 | ||
|---|---|---|---|
| 999 | |c 147971 |d 147967 | ||
| 020 | |a 9788131202975 | ||
| 082 | |a 571.6 POT/S | ||
| 100 | |a Potten, C. S; Ed. |9 63584 | ||
| 245 | |a Stem Cells | ||
| 260 | |a London |b Academic Press |c 1997 | ||
| 300 | |a 474p. | ||
| 520 | |a Provides reviews on stem cell systems by experts. This book contains chapters ranging from descriptions of the knowledge of the biology of stem cells, to molecular biological approaches and clinical implications. It covers stem cell biology in plants, invertebrates, and mammals and presents clinical implications of stem cell differentiation. | ||
| 650 | |a Stem cells-- Cell differentiation-- Stamcellen. |9 63585 | ||
| 856 | |u http://classify.oclc.org/classify2/ClassifyDemo?owi=1011501229 | ||
| 942 | |c BK | ||
| 952 | |0 0 |1 0 |4 0 |6 571_600000000000000_POT_S_1 |7 0 |9 146735 |a SBS |b SBS |d 2017-10-12 |l 0 |o 571.6 POT/S; 1 |p SBS1645 |r 2017-10-12 |w 2017-10-12 |y BK | ||
| 952 | |0 0 |1 0 |4 0 |6 571_600000000000000_POT_S_2 |7 0 |9 146736 |a SBS |b SBS |d 2017-10-12 |l 0 |o 571.6 POT/S; 2 |p SBS1554 |r 2017-10-12 |w 2017-10-12 |y BK | ||